Bluesdjben's 100 Best Guitarists of All Time - Statistics

General Stats
  • This quiz has been taken 273 times
  • The average score is 36 of 100
Answer Stats
Rank Notable Song Answer % Correct
1 Voodoo Child (Slight Return) Jimi Hendrix
99%
3 Crossroads Eric Clapton
90%
15 Black Magic Woman Carlos Santana
84%
77 Purple Rain Prince
84%
38 The Thrill Is Gone B.B. King
83%
13 Come Together George Harrison
82%
6 Dazed and Confused Jimmy Page
82%
68 Sympathy for the Devil Keith Richards
82%
10 Comfortably Numb David Gilmour
81%
12 Eruption Eddie Van Halen
81%
75 Welcome to the Jungle Slash
81%
11 Seven Nation Army Jack White
79%
2 Texas Flood Stevie Ray Vaughan
78%
5 Whipping Post Duane Allman
74%
30 Born Under a Bad Sign Albert King
71%
16 Sultans of Swing Mark Knopfler
71%
60 Hideaway Freddie King
70%
56 War Pigs Tony Iommi
68%
97 Come As You Are Kurt Cobain
64%
96 Walk This Way Joe Perry
61%
44 La Grange Billy Gibbons
59%
20 Brighton Rock Brian May
59%
74 Hotel California Joe Walsh
58%
14 Hellhound on My Trail Robert Johnson
57%
52 Rollin' Stone Muddy Waters
56%
53 Crazy Train Randy Rhoads
56%
32 Killing in the Name Tom Morello
56%
17 The Green Manalishi Peter Green
55%
89 Highway Star Ritchie Blackmore
54%
4 Freeway Jam Jeff Beck
53%
88 Surfing with the Alien Joe Satriani
52%
7 Stranglehold Ted Nugent
51%
70 Still Got the Blues Gary Moore
48%
69 Californication John Frusciante
47%
64 L.A. Woman Robby Krieger
43%
35 Tender Surrender Steve Vai
43%
71 Teen Age Riot Thurston Moore
43%
39 Susie Q John Fogerty
42%
92 Freebird Allen Collins
41%
8 Damn Right, I've Got the Blues Buddy Guy
41%
42 Frosty Albert Collins
39%
18 Jessica Dickey Betts
39%
41 Boogie Chillen John Lee Hooker
39%
90 The Spirit of Radio Alex Lifeson
38%
47 Miserlou Dick Dale
38%
9 The Storm Derek Trucks
32%
84 21st Century Schizoid Man Robert Fripp
32%
91 Freebird Gary Rossington
30%
55 The Sky Is Crying Elmore James
28%
23 Walk on Hot Coals Rory Gallagher
28%
19 Watermelon in Easter Hay Frank Zappa
27%
50 Blackest Day Joanne Shaw Taylor
27%
21 Paranoid Android Jonny Greenwood
27%
58 I'm Going Home Alvin Lee
26%
73 How High the Moon Les Paul
26%
29 Mr. Sandman Chet Atkins
25%
22 Call It Stormy Monday T-Bone Walker
25%
54 Devil Got My Woman Skip James
24%
76 Close to the Edge Steve Howe
24%
33 Rumble Link Wray
22%
82 Bridge of Sighs Robin Trower
22%
31 Maggot Brain Eddie Hazel
20%
28 Mean Town Blues Johnny Winter
20%
25 Roy's Bluz Roy Buchanan
20%
81 Blues Deluxe Joe Bonamassa
19%
45 Death Letter Son House
18%
78 Bumpin' on Sunset Wes Montgomery
17%
65 Vital Transformation John McLaughlin
16%
86 Soulshine Warren Haynes
16%
95 Angel Eyes Jeff Healey
15%
36 Mojo Hand Lightnin' Hopkins
15%
63 All Your Love (I Miss Loving) Otis Rush
15%
26 Limehouse Blues Django Reinhardt
14%
62 Spoonful Hubert Sumlin
14%
48 The Dark End of the Street Ry Cooder
14%
43 Marquee Moon Tom Verlaine
14%
79 Swing to Bop Charlie Christian
13%
27 East-West Mike Bloomfield
13%
80 Treetop Flyer Stephen Stills
13%
83 Bright Lights Gary Clark Jr.
12%
51 Congo Square Sonny Landreth
11%
59 Start Choppin' J Mascis
9%
87 Somebody to Love Jorma Kaukonen
9%
46 Pony Blues Charley Patton
8%
94 Boogie Stupid John Scofield
7%
72 Teen Age Riot Lee Ranaldo
7%
100 Vamos Joey Santiago
4%
24 Rego Park Blues Ronnie Earl
4%
66 Split - Part Two Tony McPhee
4%
34 Nitpickin' Danny Gatton
3%
99 Summertime Blues Leigh Stephens
3%
57 Cherry Red Wine Luther Allison
3%
37 You Got to Move Mississippi Fred McDowell
3%
40 Ball and Chain James Gurley
2%
67 Evil Jim McCarty
2%
49 Solid Ice Jimmy Thackery
2%
85 Fresh Air John Cipollina
2%
98 Inside Looking Out Mark Farner
2%
93 Drunkship of Lanterns Omar Rodriguez-Lopez
2%
61 Ted's Jam Robert Randolph
2%
No matching quizzes found
Score Distribution
Percent of People with Each Score
Percentile by Number Answered
Your Score History
You have not taken this quiz